NATO Phonetic Alphabet - Sudden Death - Statistics

General Stats
  • This quiz has been taken 137,580 times
  • The average score is 15 of 26
Answers on the Grid
Answers color-coded by a green-red scale on the quiz's grid according to % correct below.
Adam
Alfa
Apple
Boy
Bravo
Bruise
Charlie
Cold
Cork
David
Delta
Denver
Easy
Echo
Edward
Fox
Foxtrot
Frozen
George
Gold
Golf
Henry
Hotel
House
Ice
India
Italy
Japan
John
Juliett
Kilo
King
Kosher
Ladder
Lima
Lincoln
Mary
Mexico
Mike
Nora
November
Nasty
Ocean
Opera
Oscar
Papa
Paris
Polish
Quebec
Queen
Quilt
Robert
Rome
Romeo
Sand
Sierra
Story
Tango
Today
Tom
Umbrella
Uniform
Union
Vector
Victor
Vixen
Water
Whale
Whiskey
Xenon
Xray
Xylophone
Yankee
Yellow
Young
Zebra
Zoom
Zulu
 
Answer Stats
Answer % Correct
Bravo
95%
Alfa
94%
Charlie
93%
Delta
91%
Echo
88%
Foxtrot
81%
Golf
64%
Hotel
61%
India
59%
Juliett
53%
Kilo
53%
Lima
53%
November
47%
Oscar
45%
Tango
45%
Mike
44%
Romeo
43%
Sierra
42%
Papa
41%
Quebec
40%
Whiskey
39%
Yankee
38%
Zulu
38%
Victor
37%
Uniform
36%
Xray
36%
No matching quizzes found
Score Distribution
Percent of People with Each Score
Percentile by Number Answered
Your Score History
You have not taken this quiz